Normal view
MARC view
Entry Personal Name
001 - CONTROL NUMBER
- control field: 27320
003 - CONTROL NUMBER IDENTIFIER
- control field: dpl
005 - DATE AND TIME OF LATEST TRANSACTION
- control field: 20110418110757.0
008 - FIXED-LENGTH DATA ELEMENTS
- fixed length control field: 110418|||a|||||| | ||| d
040 ## - CATALOGING SOURCE
- Original cataloging agency: dpl
- Transcribing agency: dpl
100 ## - HEADING--PERSONAL NAME
- Personal name: Kale, Vivek
670 ## - SOURCE DATA FOUND
- Source citation: Work cat.: (dpl)31047: Kale, Vivek, A guide to implementing Oracle Siebel CRM 8.X, 2009
670 ## - SOURCE DATA FOUND
- Source citation: Work cat.: (dpl)31047: Kale, Vivek, A guide to implementing Oracle Siebel CRM 8.X, 2009
